[Event "Kragero Resort Chess A 2018"]
[Site "Kragero"]
[Date "2018.02.24"]
[Round "6"]
[White "Pantzar, Milton"]
[Black "Genocchio, Daniele"]
[Result "1/2-1/2"]
[WhiteElo "2260"]
[BlackElo "2385"]
[Annotator "TA"]
[PlyCount "120"]
[EventDate "2018.??.??"]
[EventType "swiss"]
[EventCountry "NOR"]
[SourceTitle "playchess.com"]
[Source "ChessBase"]
[SourceQuality "1"]

{[%evp 15,120,16,14,25,25,25,17,19,14,19,6,7,18,20,23,11,13,8,10,7,11,8,4,9,4,0,13,2,20,20,22,22,25,19,19,16,25,25,54,47,77,66,103,71,81,55,21,15,14,0,2,5,108,79,72,60,64,61,73,46,93,81,93,54,135,118,385,88,172,0,396,401,438,0,0,0,0,0,0,0,-3,-65,6,5,47,47,47,47,47,47,47,47,47,47,47,25,25,25,25,0,8,0,0,0,0,0,0]} 1. d4 d6 2. c4 e5 3. Nf3 e4 4. Ng5 Nf6 5. Nc3 Bf5 6. Qc2 {A54: Old Indian Defence with Nf3, but without e4} h6 7. Ngxe4 Nxe4 8. Nxe4 Qh4 $1 {LiveBook: 7 Games} 9. Nxd6+ Bxd6 10. Qxf5 {[#] Hoping for c5.} Bb4+ 11. Kd1 {Black must now prevent Qc8+.} Qxd4+ 12. Kc2 $1 Qxc4+ 13. Kb1 Nd7 14. e3 $146 Qh4 15. g3 Qe7 16. Bg2 O-O-O 17. a3 Bd6 18. Bd2 Rhe8 19. Rc1 {[#] Strongly threatening Qd5.} Kb8 20. Ba5 $40 {[%mdl 128] White has some attack.} Nb6 21. Ka2 c6 22. Rd1 g6 23. Qc2 Bc7 24. Rac1 Qe6+ 25. Qb3 Qf5 26. Be1 Kc8 27. e4 Qf6 28. f4 g5 29. Bh3+ Kb8 30. e5 Qg6 31. Bf1 gxf4 32. gxf4 Rxd1 33. Rxd1 Nd5 (33... f6 $1 $11) 34. Bg3 Rd8 35. Bc4 {[%cal Rd1d5]} Qe4 36. Re1 Qd4 37. f5 (37. Ba6 $5 {[%cal Rb3b7]} b5 38. Bh4 $14) 37... b5 38. Bf1 a5 39. Bg2 a4 (39... Qd2 $14 40. Bxd5 a4) 40. Qc2 $16 c5 $2 {[%mdl 8192]} (40... Qc4+ $16 41. Qxc4 bxc4) 41. Re4 $2 (41. Bf2 $18 {and the rest is easy.} Qc4+ 42. Qxc4 bxc4 43. Bh4 (43. Bxc5 Nf4 $16) 43... Nc3+ 44. Ka1) 41... Qg1 (41... b4 $16 42. Qe2 (42. Rxd4 $2 b3+ 43. Qxb3+ axb3+ 44. Kxb3 cxd4 $19) 42... b3+ 43. Kb1 Qd1+ 44. Qxd1 Nc3+ 45. bxc3 Rxd1+ 46. Kb2 Rd2+ 47. Kc1 Rxg2) 42. Re1 $2 (42. Bf3) 42... Qd4 $18 43. Bf2 b4 44. Qxc5 $2 (44. Bxd4 b3+ 45. Qxb3+ (45. Ka1 $2 bxc2 46. e6 cxd4 $19) 45... axb3+ 46. Kxb3 Nf4 $11) ({White should try} 44. Qe2 $18 Qf4 45. Qb5+ Nb6 46. Qc6 (46. Bxc5 b3+ 47. Ka1 Qd2 $11)) 44... b3+ $11 45. Ka1 $1 Qxc5 46. Bxc5 {e6 is the strong threat.} Nf4 47. Bf1 Bxe5 {aiming for ...Rd2.} 48. Bb4 (48. Be3 $1 $11) 48... Bf6 (48... Rd5 $1 $15 49. Bc4 Rd4) 49. Bb5 Nd3 50. Rd1 Nxb4 {[%cal Rd8d1]} 51. Rxd8+ Bxd8 52. axb4 $14 {[%mdl 4096] Endgame KB-KB} Bc7 53. h3 Bd6 54. Bxa4 Bxb4 55. Bxb3 f6 56. Kb1 Kc7 57. Kc2 Kd6 {The position is equal.} 58. Bc4 Ke5 59. Bd3 Kf4 60. Kd1 Ke5 {Precision: White = 59%, Black = 50%.} 1/2-1/2

[Event "Kragero Resort Chess A 2018"]
[Site "Kragero"]
[Date "2018.02.24"]
[Round "6"]
[White "Lindbol, Aleksander"]
[Black "Nesse, David"]
[Result "1-0"]
[WhiteElo "2218"]
[BlackElo "1701"]
[Annotator "TA"]
[PlyCount "84"]
[EventDate "2018.??.??"]
[EventType "swiss"]
[EventCountry "NOR"]
[SourceTitle "playchess.com"]
[Source "ChessBase"]
[SourceQuality "1"]

{[%evp 13,84,15,10,1,46,-29,-22,-48,-53,-62,-28,-25,-33,-70,-52,-76,-72,-91,-16,-39,14,22,40,39,35,18,74,71,73,67,129,130,111,118,125,125,117,114,128,128,130,125,246,243,557,562,556,556,553,542,545,414,6566,6718,7208,6279,6115,6115,29977,29977,29979,29980,29980,29980,29986,29987,29987,29988,29989,29989,29995,29996,29996]} 1. c4 c5 2. Nc3 Nc6 3. g3 g6 4. Bg2 Bg7 5. Nf3 e6 6. d4 Nxd4 7. Nxd4 cxd4 8. Nb5 {A37: Symmetrical English vs ...g6: 4 Bg2 Bg7 5 Nf3} (8. Ne4 d5 9. Qa4+ Kf8 10. Qa3+ Qe7 11. Nd6 Be5 12. Nxc8 Qxa3 13. bxa3 Rxc8 14. cxd5 exd5 15. Rb1 b6 16. Bxd5 {½-½ (31) Gordievsky,D (2622)-Van Foreest,J (2629) Wijk aan Zee 2018}) 8... d5 9. Nxd4 (9. Qa4 $1 $14 Bd7 10. Nd6+ Kf8 11. Qa3) 9... dxc4 $11 10. e3 $146 {The position is equal.} ({Predecessor:} 10. Be3 Qa5+ 11. Bd2 Qb6 12. Bc3 Ne7 13. O-O O-O 14. Nf3 Bxc3 15. bxc3 Rd8 {½-½ (45) Ojeda Maroto,I-Lecha Gonzalez,J (2224) ICCF email 2016}) 10... e5 11. Nb5 {[%cal Bd4b5,Bb5c3,Bc3a2][%mdl 32]} Qxd1+ 12. Kxd1 Bg4+ 13. Ke1 {aiming for Nc7+.} O-O-O $1 {[%csl Gg4][%cal Rd8d1]} 14. Bd2 a6 15. Nc3 Ne7 (15... Nf6 $17 16. Na4 Nd7) 16. Rc1 b5 (16... Bd7 $15) 17. a4 Bd7 18. axb5 axb5 {[#]} 19. b3 $1 {[%mdl 512]} b4 (19... f5 $11) (19... cxb3 20. Nd5+) 20. Na2 $16 Bc6 21. Rxc4 Kb7 {[#]} (21... Kd7 $14 22. Bxc6+ Nxc6) 22. Rxc6 $1 {[%mdl 512]} Nxc6 23. Nxb4 Rd6 24. Nxc6 Rxc6 25. Ke2 f5 {Strongly threatening ...e4.} 26. Bxc6+ Kxc6 {[%mdl 4096] Endgame KRB-KRB} 27. Rc1+ Kb5 (27... Kd6 $16 {might work better.}) 28. Rc7 $18 Bf8 $2 (28... Rg8 {is a better chance.} 29. Bc3 Bf6) 29. Rc8 Bg7 {[#]} 30. Rxh8 $1 Bxh8 {KB-KB} 31. Bc3 Kc5 32. f4 Kd5 (32... Bf6 $142 33. Bxe5 (33. fxe5 Bd8 $18) 33... Be7) 33. Bxe5 Bxe5 34. fxe5 Kxe5 {KP-KP} 35. Kf3 g5 36. g4 {White mates.} fxg4+ 37. Kxg4 {K3P-KPP} Ke4 38. b4 Kxe3 39. b5 Kf2 40. b6 Kg2 41. b7 Kxh2 42. b8=Q+ Kg2 {Precision: White = 73%, Black = 18%.} 1-0

[Event "Kragero Resort Chess A 2018"]
[Site "Kragero"]
[Date "2018.02.24"]
[Round "6"]
[White "Dahl, Trygve"]
[Black "Haug, Johannes"]
[Result "0-1"]
[WhiteElo "2217"]
[BlackElo "2355"]
[Annotator "NA RC"]
[PlyCount "88"]
[EventDate "2018.??.??"]
[EventType "swiss"]
[EventCountry "NOR"]
[SourceTitle "playchess.com"]
[Source "ChessBase"]
[SourceQuality "1"]
[TimeControl "5400+30"]

{[%evp 8,88,-39,-43,-45,-52,-24,-35,-27,-47,-19,-18,-16,-31,0,-18,11,-145,-137,-147,-133,-149,32767,32767,32767,32767,-273,-331,-89,-106,-47,-31,-42,-87,-76,-112,-70,-84,-81,-76,-64,-139,-126,-123,-119,-150,-153,-117,-145,-304,-279,-285,-260,-211,-208,-272,-5,0,0,32767,32767,32767,32767,32767,-129,-268,-968,32767,32767,-456,-1508,32767,32767,-1437,-6430,-9789,32767,32767,-10364,-4133,32767,-6404,-12841]} 1. e4 {[%emt 0:03:05]} e5 {[%emt 0:00:33]} 2. Nc3 {[%emt 0:02:03]} Nf6 {[%emt 0:01:09]} 3. f4 {[%emt 0:02:23]} d5 {[%emt 0:09:01]} 4. fxe5 {[%emt 0:00:06]} Nxe4 {[%emt 0:01:25]} 5. d3 {[%emt 0:00:05]} Nxc3 {[%emt 0:15:20]} 6. bxc3 {[%emt 0:00:19]} d4 {[%emt 0:03:05]} 7. Nf3 {[%emt 0:01:19]} c5 {[%emt 0:01:57]} 8. Be2 {[%emt 0:00:06]} Nc6 {[%emt 0:05:49]} 9. O-O {[%emt 0:00:06] LiveBook: 4 Games} Be7 {[%emt 0:00:09]} 10. Qe1 {[%emt 0:00:06]} O-O {[%emt 0:12:10]} 11. Qg3 {[%emt 0:00:41] C29: Vienna Game: 2...Nf6 3 f4} Bf5 {[%emt 0:03:44]} 12. h4 {[%emt 0:20:36]} (12. Nxd4 $11 Nxd4 13. cxd4) (12. c4 Qd7 13. Bf4 Rae8 14. a3 Bd8 15. Rf2 Qe6 16. Rb1 b6 17. Re1 Qg6 18. h3 Qxg3 19. Bxg3 Bg6 20. Bh2 Re6 21. Bf1 Rfe8 22. Rfe2 h6 23. Kf2 Bc7 24. g4 Bd8 {½-½ (24) Vojta,T (2361)-Lagerman,R (2348) Marianske Lazne 2008}) 12... dxc3 {[%emt 0:08:26]} 13. h5 {[%emt 0:02:43]} Kh8 $146 {[%emt 0:01:01]} ({Predecessor:} 13... g6 14. Bh6 Nd4 15. Nxd4 Qxd4+ 16. Kh1 Rfe8 17. Rab1 b6 18. Rxf5 Bh4 {0-1 (42) Nabelek,M (2099)-Bures,M (2205) Ostrava 2002}) 14. h6 {[%emt 0:05:58]} gxh6 {[%emt 0:03:35]} 15. Bxh6 {[%emt 0:01:42]} Rg8 {[%emt 0:00:10]} 16. Qf4 {[%emt 0:02:59]} Be6 {[%emt 0:02:07]} 17. Kf2 {[%emt 0:08:19]} Nd4 $2 {[%emt 0:05:01]} (17... Rg4 $19 {and Black stays clearly on top.} 18. Qc1 Nd4) 18. Nxd4 {[%emt 0:02:02]} Qxd4+ {[%emt 0:03:55]} 19. Qxd4 {[%emt 0:00:46]} cxd4 {[%emt 0:00:04]} 20. Bf3 {[%emt 0:01:46]} (20. Rh1 $11 {remains equal.}) 20... Bh4+ {[%emt 0:03:32]} 21. Ke2 {[%emt 0:00:25]} Bg5 {[%emt 0:01:17]} 22. Rh1 {[%emt 0:00:37]} Rg6 {[%emt 0:01:59]} 23. Bxg5 {[%emt 0:03:23]} Rxg5 {[%emt 0:00:10]} 24. Rh4 {[%emt 0:07:57]} (24. Be4 $142) 24... Rxe5+ {[%emt 0:05:02]} 25. Kf2 {[%emt 0:00:06]} Rd8 {[%emt 0:00:48]} 26. Rah1 {[%emt 0:02:10]} Kg7 {[%emt 0:01:13]} 27. Rxh7+ {[%emt 0:01:08]} Kf6 {[%emt 0:00:06]} 28. R1h5 $2 {[%emt 0:05:35]} (28. R7h6+ $17 Ke7 29. a3) 28... Rxh5 {[%emt 0:05:50]} ({Worse is} 28... Bxa2 29. R7h6+ Kg7 30. Rh7+ Kf6 31. R7h6+ Kg7 32. Rh7+ Kf6 $11) 29. Rxh5 {[%emt 0:00:10]} Bxa2 {[%emt 0:00:26]} 30. Ra5 {[%emt 0:04:46] [#]} Be6 $1 {[%emt 0:04:09]} ({Schlechter ist} 30... Bb1 31. Bd1 $15) 31. Bxb7 {[%emt 0:01:30] [#]} Rd7 $2 {[%emt 0:00:01]} (31... Rb8 $1 $19 {[%cal Rb8b7]} 32. Rxa7 Kg5) 32. Bf3 {[%emt 0:02:53]} Ke7 {[%emt 0:01:02]} 33. Ra4 {[%emt 0:01:10]} Kd8 {[%emt 0:01:20]} 34. Bc6 {[%emt 0:00:56]} Rd6 {[%emt 0:00:12]} 35. Bb5 {[%emt 0:03:21] [#]} Kc7 $1 {[%emt 0:01:31]} 36. Rxa7+ {[%emt 0:00:38]} (36. Bc4 $17) 36... Kb6 {[%emt 0:00:07]} 37. Ra6+ {[%emt 0:00:31]} Kc5 {[%emt 0:00:01]} 38. Rxd6 {[%emt 0:00:50]} Kxd6 {[%emt 0:00:02]} 39. Ba4 {[%emt 0:00:31]} Kc5 {[%emt 0:01:29]} 40. Ke1 {[%emt 0:04:07]} Bg4 {[%emt 0:00:08]} 41. Bb3 {[%emt 0:00:32]} f6 {[%emt 0:00:27]} 42. Kf2 {[%emt 0:01:35]} Kb4 {[%emt 0:00:35]} 43. Kg3 {[%emt 0:04:17]} Be2 {[%emt 0:00:17]} 44. Bc4 {[%emt 0:00:53]} Ka3 $19 {[%emt 0:01:12]} 0-1

[Event "Kragero Resort Chess A 2018"]
[Site "Kragero"]
[Date "2018.02.24"]
[Round "6"]
[White "Sahl, Sheila Barth"]
[Black "Vestby-Ellingsen, Mads"]
[Result "0-1"]
[WhiteElo "2181"]
[BlackElo "2160"]
[Annotator "TA"]
[PlyCount "62"]
[EventDate "2018.??.??"]
[EventType "swiss"]
[EventCountry "NOR"]
[SourceTitle "playchess.com"]
[Source "ChessBase"]
[SourceQuality "1"]

{[%evp 23,62,-22,16,-14,-14,-17,-12,-31,0,-19,-22,-15,0,0,0,-39,-30,-95,-43,-66,-62,-62,-46,-115,-110,-120,-120,-328,-314,-438,-448,-757,-756,-754,-736,-796,-787,-1179,-1122,-1186,-1122]} 1. e4 c5 2. c3 Nf6 3. e5 Nd5 4. d4 cxd4 5. Nf3 e6 6. cxd4 d6 7. Bc4 Be7 8. Qe2 {B22: Sicilian: 2 c3} O-O 9. O-O b6 (9... Nc6 10. Rd1 Na5 11. Bxd5 exd5 12. Nc3 Be6 13. Bf4 a6 14. h3 Re8 15. exd6 Bxd6 16. Bxd6 Qxd6 17. Qe5 Nc4 18. Qxd6 Nxd6 {½-½ (32) Nisipeanu,L (2672)-Grischuk,A (2785) Heraklio 2017}) 10. Nc3 Nxc3 11. bxc3 Bb7 12. Bf4 Qc7 {LiveBook: 6 Games} 13. exd6 Bxd6 14. Bxd6 Qxd6 15. a4 $146 ({Find the theoretical novelty and annotate with similar games:} 15. Bd3 Nd7 {½-½ (41) Calandri,F (2101)-Martorelli,A (2304) Porto San Giorgio 2001}) 15... Nd7 16. Bd3 Rac8 17. Rfc1 Nf6 18. Ne5 Qd5 {[%csl Gb7][%cal Rd5g2] [#]} 19. Qf1 (19. f3 {NOTEXT} Qd8 20. a5 Nd5 21. axb6 axb6 22. Qd2) 19... Rc7 20. Bc4 (20. Be2 $11) 20... Qd6 (20... Qa5 $17 21. Ra3 Rfc8) 21. a5 $15 Rfc8 22. axb6 axb6 {Threatens to win with ...Ne4.} 23. Ba6 ({Better is} 23. Qd3 $15) 23... Bxa6 $17 24. Qxa6 Ne4 {[%cal Bf6e4,Be4d2,Bd2b3][%mdl 32]} 25. Kf1 $2 (25. Rcb1 $17 {is a better defense.}) 25... Nd2+ $19 ({Weaker is} 25... Nxc3 26. Nf3 $19) 26. Ke1 Nb3 {Black is clearly winning.} 27. Rcb1 (27. Rab1 $142 Nxc1 28. Rxc1) 27... Nxa1 28. Qxa1 Rxc3 29. Nf3 Qd5 30. Rd1 Rc2 {[#] ( -> ...Qe4+)} 31. Qa6 b5 {Precision: White = 18%, Black = 76%.} 0-1

[Event "Kragero Resort Chess A 2018"]
[Site "Kragero"]
[Date "2018.02.24"]
[Round "6"]
[White "Nielsen, Andre"]
[Black "Royset, Pal"]
[Result "0-1"]
[WhiteElo "2145"]
[BlackElo "2285"]
[Annotator "TA"]
[PlyCount "80"]
[EventDate "2018.??.??"]
[EventType "swiss"]
[EventCountry "NOR"]
[SourceTitle "playchess.com"]
[Source "ChessBase"]
[SourceQuality "1"]

{[%evp 9,80,31,60,27,26,18,22,15,36,17,77,31,47,38,51,62,72,0,-14,-28,0,0,0,0,0,0,0,0,0,-19,0,-79,-42,-70,-19,-35,-31,-31,-45,-31,-43,-142,-123,-136,-112,-200,-206,-208,-210,-186,-199,-461,-483,-436,-420,-735,-718,-725,-693,-880,-878,-871,-870,-821,-510,-860,-837,-825,-783,-1177,-1105,-1293,-1252]} 1. e4 Nc6 2. d4 e5 3. dxe5 Nxe5 4. Nf3 Nxf3+ 5. Qxf3 d6 {LiveBook: 4 Games} 6. Bc4 {[%csl Gc4][%cal Rf3f7] [#] B00: Queen's Fianchetto Defence, Nimzowitsch Defence} (6. Bf4 {keeps more tension.} Nf6 7. Nc3 Be7 8. h3 Be6 9. O-O-O) (6. Nc3 Be7 7. Bf4 Nf6 8. h3 O-O 9. O-O-O Nd7 10. Nd5 Nb6 11. Bd3 Bg5 12. Kb1 Bxf4 13. Qxf4 {½-½ (48) Asis Gargatagli,H (2487)-Anton Guijarro,D (2635) Linares 2015}) 6... Nf6 7. Qb3 (7. O-O {with more complications.} Be7 8. Qe2 O-O 9. h3 Be6 10. Rd1) 7... Qe7 8. O-O {The position is equal.} c6 9. a4 $146 ({Predecessor:} 9. Bg5 h6 10. Bh4 b5 11. Bd3 Bd7 12. a4 bxa4 13. Rxa4 {1-0 (31) Schussler,H (2445)-Hoi,C (2400) Reykjavik 1984}) 9... Nd7 (9... Nxe4 $11 10. Re1 d5) 10. Qg3 Ne5 11. Bb3 h5 {[%cal Bh7h5,Bh5h4][%mdl 32]} 12. f4 Nd7 13. e5 (13. Qf2 $16) 13... h4 14. Qc3 d5 15. Be3 Nc5 16. Nd2 Bf5 17. a5 a6 18. Ba2 O-O-O 19. Qd4 Qc7 ({Don't blunder} 19... Bxc2 $2 20. Rfc1 $18) 20. b4 (20. c3 $11) 20... Ne6 $17 21. Qb2 $1 d4 ({Black should play} 21... h3 $15 22. g3 d4) 22. Bxe6+ $1 $11 fxe6 23. Bxd4 {Black must now prevent Bb6.} c5 {[%cal Bc6c5,Bc5b4,Bb4b3,Bb3b2][%mdl 32]} 24. Be3 $1 {Strongly threatening b5.} cxb4 25. Nb3 {[#]} ({White should try} 25. Rf2 $1 $15) 25... h3 $1 $36 {[%mdl 2048] White is under strong pressure.} 26. Rf2 Qc4 27. Nd4 (27. Nd2 $17 Qd5 28. g3) 27... Be4 28. Rc1 Bc5 ({Don't do} 28... hxg2 29. c3) 29. c3 {Threatens to win with cxb4.} b3 30. Qe2 $2 (30. g3) 30... Bd3 $19 31. Qg4 Kb8 ({Less strong is} 31... Bxd4 32. cxd4 Bc2 33. f5 $15) 32. f5 (32. Qf3 $142 Ba3 33. Rd1) 32... Ba3 {Black is clearly winning.} 33. Rd1 exf5 34. Qf4 b2 35. e6+ Ka8 36. e7 Rde8 37. Nc2 (37. Rxb2 $142 Bxb2 38. Qd6) 37... Qxf4 38. Bxf4 Bxe7 39. Rfd2 Bc5+ 40. Kh1 Be4 {Precision: White = 32%, Black = 69%.} 0-1

[Event "Kragero Resort Chess A 2018"]
[Site "Kragero"]
[Date "2018.02.24"]
[Round "6"]
[White "Bruaset, Eivind"]
[Black "Nordquelle, Daniel"]
[Result "0-1"]
[WhiteElo "2108"]
[BlackElo "2220"]
[Annotator "TA"]
[PlyCount "66"]
[EventDate "2018.??.??"]
[EventType "swiss"]
[EventCountry "NOR"]
[SourceTitle "playchess.com"]
[Source "ChessBase"]
[SourceQuality "1"]

{[%evp 24,66,25,0,22,0,0,-39,-42,-42,-27,-50,-52,-51,36,-114,-43,-112,-97,-104,-91,-165,-131,-153,-157,-264,-271,-275,-266,-322,-320,-385,-364,-476,-467,-691,-684,-1027,-728,-1000,-954,-5322,-5321,-5281,-4802]} 1. e4 c5 2. Nf3 d6 3. d4 cxd4 4. Nxd4 Nf6 5. Nc3 a6 6. Be3 e5 7. Nb3 Be6 8. f3 {[%cal Bf2f3,Bf3f4][%mdl 32]} h5 9. Qd2 Nbd7 10. O-O-O Be7 11. Kb1 Rc8 12. f4 {B90: Sicilian Najdorf: Unusual White 6th moves, 6 Be3 Ng4 and 6 Be3 e5} (12. h4 b5 13. Bg5 Qb6 14. Nd5 Nxd5 15. exd5 Bf5 16. Bd3 Bxd3 17. Qxd3 Qd8 18. Be3 Rc4 19. Nd2 Rxh4 20. Rxh4 Bxh4 {1-0 (44) Yu,Y (2751)-Zhou,J (2597) Shenzhen 2017}) 12... b5 13. Bd3 {LiveBook: 11 Games} Nb6 14. Bxb6 $146 {The position is equal.} ({Predecessor:} 14. h3 Nc4 15. Bxc4 bxc4 16. Nc1 Rb8 17. f5 Bd7 18. Bg5 Qb6 19. b3 cxb3 20. axb3 Bc6 21. Bxf6 gxf6 22. Nd5 Bxd5 23. Qxd5 a5 24. Rd3 a4 {Montella,S (2376)-Staniszewski,J (2399) ICCF email 2016}) 14... Qxb6 15. Nd5 Bxd5 ({Of course not} 15... Nxd5 $6 16. exd5 Bd7 17. Rde1 $14) 16. exd5 e4 17. Be2 O-O 18. h3 Qf2 (18... Rfe8 $15) 19. Bf1 (19. Rhf1 $14 {keeps the upper hand.} Qxg2 20. Qe3) 19... Qg3 (19... e3 $17 20. Qxf2 exf2) 20. Re1 (20. Nd4 $15 e3 21. Nf5 exd2 22. Nxg3) 20... Bd8 $36 {[%mdl 2048] White must now prevent ...Bb6. Keeping White busy.} 21. Nd4 g6 {Hoping for ...Bb6.} 22. h4 (22. f5 $17) 22... Ng4 {...e3 is the strong threat.} ({Don't take} 22... Nxd5 23. Rxe4 Nf6 24. Re3 $15) 23. Rh3 {[#]} e3 $1 {[%cal Re3d2]} 24. Rxg3 (24. Rxe3 $17 Qxf4 25. Rhf3) 24... exd2 $19 {[%cal Rd2e1]} 25. Rd1 Bxh4 26. Rxg4 hxg4 27. Rxd2 Rfe8 {[#] ( -> ...Re1+)} 28. Re2 Bf2 {Black is clearly winning.} 29. c3 (29. Ne6 $142 g3 30. f5) 29... Bxd4 30. cxd4 Kg7 31. a4 bxa4 32. Ka2 Rxe2 33. Bxe2 f5 {Precision: White = 25%, Black = 73%.} 0-1

[Event "Kragero Resort Chess A 2018"]
[Site "Kragero"]
[Date "2018.02.24"]
[Round "6"]
[White "Bergsson, Stefan"]
[Black "Kaasen, Tor Fredrik"]
[Result "0-1"]
[WhiteElo "2093"]
[BlackElo "2335"]
[Annotator "NA RC"]
[PlyCount "76"]
[EventDate "2018.??.??"]
[EventType "swiss"]
[EventCountry "NOR"]
[SourceTitle "playchess.com"]
[Source "ChessBase"]
[SourceQuality "1"]
[TimeControl "5400+30"]

{[%evp 8,76,31,29,28,16,47,62,55,59,62,49,52,56,67,58,65,52,57,35,59,39,59,25,37,0,0,8,50,8,39,41,52,43,43,41,37,31,52,32767,30,32767,32767,21,29,32767,25,18,18,0,0,0,-6,-36,-17,-316,-348,-337,-358,-511,-540,-812,-616,-520,-656,-861,-536,-1012,-1121,-1028,-984]} 1. e4 {[%emt 0:00:00]} c5 {[%emt 0:03:43]} 2. Nf3 {[%emt 0:00:35]} e6 {[%emt 0:00:47]} 3. b3 {[%emt 0:01:35]} Nc6 {[%emt 0:01:16]} 4. Bb2 {[%emt 0:01:10] B40: Sizilianisch (Klassisches System mit e7-e6)} b6 {[%emt 0:01:40]} (4... Nf6 5. e5 Nd5 6. c4 Nde7 7. g3 d6 8. Bg2 Ng6 9. exd6 e5 10. h4 Bxd6 11. h5 Nge7 12. h6 g6 13. Nc3 f6 14. Qe2 O-O {½-½ (66) Onischuk,V (2637)-Vidit,S (2715) Riadh 2017}) 5. g3 {[%emt 0:06:23]} Bb7 {[%emt 0:03:33]} 6. Bg2 {[%emt 0:02:40]} d6 {[%emt 0:00:51]} 7. d4 {[%emt 0:03:42]} cxd4 {[%emt 0:02:34]} 8. Nxd4 {[%emt 0:01:17]} Rc8 $146 {[%emt 0:00:14]} ({Vorgänger:} 8... a6 9. O-O Qc7 10. c4 Nf6 11. Nc3 Be7 {1-0 (28) Georgiev,K (2494)-Ungureanu,V (2287) Chalkidiki 2007}) 9. c4 {[%emt 0:02:10]} Nf6 {[%emt 0:00:17]} 10. O-O {[%emt 0:01:30]} Be7 {[%emt 0:00:29]} 11. Nc3 {[%emt 0:02:11]} O-O {[%emt 0:00:35]} 12. Qd2 {[%emt 0:00:42]} Qc7 {[%emt 0:01:40]} 13. Rad1 {[%emt 0:01:36]} a6 {[%emt 0:00:37]} 14. Rfe1 {[%emt 0:00:11]} Rfd8 {[%emt 0:01:02]} 15. h3 {[%emt 0:04:08]} Qb8 {[%emt 0:01:17]} 16. Kh2 {[%emt 0:01:29]} Nxd4 {[%emt 0:01:17]} 17. Qxd4 {[%emt 0:00:06]} Bc6 {[%emt 0:00:06]} 18. a4 {[%emt 0:06:35]} (18. Nd5 $5 Bxd5 19. cxd5 $14 (19. exd5 e5 $14)) 18... b5 {[%emt 0:10:34]} 19. axb5 {[%emt 0:06:11]} axb5 {[%emt 0:00:07]} 20. Nd5 {[%emt 0:01:08]} Bxd5 {[%emt 0:04:51]} 21. cxd5 {[%emt 0:06:13]} e5 {[%emt 0:02:31]} 22. Qb4 {[%emt 0:00:18]} Nd7 {[%emt 0:02:59]} 23. Rc1 {[%emt 0:07:36]} Nc5 {[%emt 0:04:19]} 24. Bf1 {[%emt 0:00:24]} Bg5 {[%emt 0:00:37]} 25. Ra1 {[%emt 0:04:58]} Qb6 {[%emt 0:02:24]} 26. Kg1 {[%emt 0:03:55]} Rb8 {[%emt 0:03:31]} 27. h4 {[%emt 0:01:50]} Bh6 {[%emt 0:00:27]} 28. Bc1 {[%emt 0:05:29]} Bxc1 {[%emt 0:02:28]} 29. Rexc1 {[%emt 0:00:28]} Rf8 {[%emt 0:00:14]} 30. Ra5 {[%emt 0:02:57]} Nxe4 {[%emt 0:01:53]} 31. Qe1 $2 {[%emt 0:06:26] [#]} ({White should play} 31. Rc2 $15 f5 32. Rxb5) 31... Nxf2 $1 {[%emt 0:03:39]} 32. Kg2 {[%emt 0:02:26]} ({Don't go for} 32. Rxb5 $2 Nh3+ 33. Kg2 Qg1+ 34. Kf3 {[#]} e4+ $1 {[%mdl 512]} 35. Qxe4 Qf2+ 36. Kg4 f5+ 37. Kxh3 fxe4 $19) 32... Ng4 {[%emt 0:01:07]} 33. Rc6 {[%emt 0:01:17]} (33. Rxb5 $142 Qd4 34. Rxb8 Rxb8 35. Kh3) 33... Qd4 {[%emt 0:02:14]} 34. Rxd6 {[%emt 0:03:48]} Rbc8 {[%emt 0:03:03]} 35. Ra2 {[%emt 0:00:56]} Rc3 {[%emt 0:00:26]} 36. Bxb5 {[%emt 0:02:49]} Qc5 {[%emt 0:09:45]} 37. Qd2 {[%emt 0:06:29]} (37. Be2 $142 Rxb3 38. Bxg4 Qxd6 39. Qd1) 37... Ne3+ {[%emt 0:01:32]} 38. Kh2 {[%emt 0:02:14]} Rxb3 $19 {[%emt 0:02:10]} ({Weaker is} 38... Qxd6 39. Qxc3 Qxd5 40. Bc6 $15) 0-1